000 01217nam a22002651i 4500
003 SA_RiAUC
005 20260104131639.0
008 251130s2010____su a g 000 0 ara c
040 _aSA-JeALM
_bara
_cSA-RiAUC
_erda
043 _aa-su---
082 0 4 _a915.3122
090 _a915.3122
_bك ع ك
100 1 _aكعكي، عبد العزيز عبد الرحمن إبراهيم
_eمؤلف.
245 1 2 _aالدر المنثور في بيان معالم مدينة الرسول في العهد النبوي /
_cعبد العزيز بن عبد الرحمن إبراهيم كعكي.
250 _aالطبعة الأولى.
264 1 _aالمدينة المنورة :
_bعبد العزيز عبد الرحمن إبراهيم كعكي،
_c2010
300 _a543 صفحة :
_bإيضاحيات ؛ صور
_c30 سم .
336 _aنص
_btxt
_2rdacontent
_3كتاب
337 _aبدون وسيط
_bn
_2rdamedia
338 _aمجلد
_bnc
_2rdacarrier
500 _aاهداء من عبدالعزيز كعكي الى الشيخ رحمه الله بتاريخ 10 / 6 / 1433 هـ
651 7 _aالمدينة المنورة
_xجغرافيا
_2aucsh
942 _2ddc
_cBOOK
_n0
949 _aSA-JeALM
_d251130
_uosman123
_n1
999 _c13875
_d13875